| 000 | 00795nam a22002177a 4500 | ||
|---|---|---|---|
| 005 | 20240813102807.0 | ||
| 008 | 220820b ||||| |||| 00| 0 eng d | ||
| 040 | _cAl | ||
| 041 | _ahin | ||
| 082 |
_223 _aH891.8 _bRAYB |
||
| 100 |
_aShiv Shankar Ray _9176818 |
||
| 100 |
_958540 _d शिव शंकर राय |
||
| 245 |
_aBharatiy loktantr par samuhik balatkar: _bभारतीय लोकतंत्र पर सामूहिक बलात्कार |
||
| 260 |
_aPatna _bJanaki Prakashan _c2005 |
||
| 300 |
_a275p. _bHB _c21x14cm. |
||
| 365 | _2Hindi | ||
| 650 |
_aHindi Miscellaneous _955065 |
||
| 650 |
_aHindi Literature: हिंदी साहित्य _955066 |
||
| 700 |
_aRAY (Shivshankar): राय (शिवशंकर) _955067 |
||
| 942 |
_2ddc _cGF |
||
| 999 |
_c224452 _d224452 |
||